<?xml version="1.0" encoding="UTF-8"?>
<marc:record xmlns:marc="http://www.loc.gov/MARC21/slim">
   <marc:leader>00000nam a2200000 a 4500</marc:leader>
   <marc:datafield ind1="0" ind2="0" tag="245">
      <marc:subfield code="a">Lecker Lava</marc:subfield>
   </marc:datafield>
   <marc:datafield ind1="0" ind2="0" tag="245">
      <marc:subfield code="b">für 2 - 4 Spielende ab 5 Jahren</marc:subfield>
   </marc:datafield>
   <marc:datafield ind1=" " ind2="1" tag="264">
      <marc:subfield code="a">Berlin</marc:subfield>
      <marc:subfield code="b">Drei Magier</marc:subfield>
   </marc:datafield>
   <marc:datafield ind1="1" ind2=" " tag="520">
      <marc:subfield code="a">Wer ist das größte Lava-Leckermaul? Der Vulkan bricht aus! Ein Festtag für die kleinen Drachen, da die glühende Lava ihre Lieblingsspeise ist. Schon kommen die hungrigen Drachen angeflogen und setzen sich vor die heißen Lavaströme. Die leckere Lava fließt schließlich nicht jeden Tag vom großen Krater herunter. Sofort beginnt der Kampf um die besten Plätze, denn nicht jeder Strom fließt schließlich gleich schnell und alle Drachen haben schrecklichen Hunger. Wer sichert sich den besten Platz am Vulkankrater und kann mit der leckeren Lava im Bauch am weitesten fliegen?</marc:subfield>
   </marc:datafield>
   <marc:datafield ind1="3" ind2=" " tag="024">
      <marc:subfield code="a">4001504408954</marc:subfield>
   </marc:datafield>
   <marc:datafield ind1=" " ind2=" " tag="041">
      <marc:subfield code="a">ger</marc:subfield>
   </marc:datafield>
   <marc:datafield ind1="1" ind2=" " tag="521">
      <marc:subfield code="a">Kind [ab 5 Jahren]</marc:subfield>
   </marc:datafield>
   <marc:datafield ind1=" " ind2=" " tag="300">
      <marc:subfield code="a">1 Spielplan, 1 Lavakrater, 4 Drachen, 4 Drachenplättchen, 1 Würfel, 86 Lavachips, 1 Stoffbeutel, 1 Spielanleitung</marc:subfield>
   </marc:datafield>
</marc:record>
